000 00475nam a2200181Ia 4500
003 GCL
008 140319s9999 xx 000 0 eng d
040 _aGCL /
_cGCL
082 0 4 _a069
_bL R
100 1 _aLETTEN, JAHANNES
245 1 0 _aRIETBERG MUSEUM, ZURICH GUIDE (VAN DER HEYDT COLLECTION) /
_cLETTEN, JAHANNES
260 _a[S.N] :
_bPIETBERG MUSEUM ،
_c1955
300 _a24 P
650 0 4 _aMUSEUMS
650 0 4 _aARTS
650 0 4 _aART, MUSEUMS
942 _2ddc
_cBK
999 _c20641
_d20641